Normal view
MARC view
- William Faulkner
Entry Personal Name
001 - CONTROL NUMBER
- control field: 107563
003 - CONTROL NUMBER IDENTIFIER
- control field: NUST
005 - DATE AND TIME OF LATEST TRANSACTION
- control field: 20230124155022.0
008 - FIXED-LENGTH DATA ELEMENTS
- fixed length control field: 230124|| aca||aabn | a|a d
040 ## - CATALOGING SOURCE
- Original cataloging agency: NUST
- Transcribing agency: NUST
100 ## - HEADING--PERSONAL NAME
- Personal name: William Faulkner
670 ## - SOURCE DATA FOUND
- Source citation: Work cat.: (NUST)179299: William Faulkner., Go down, Moses /, [l983], c1942.
